000 00259nam a22001217a 4500
008 180807b xxu||||| |||| 00| 0 eng d
041 _aeng
080 _a004
100 _a28
101 _aSHK
245 _aMicrosoft Office 2007
_cParadigm
942 _2udc
_cBK
999 _c46929
_d46929